Report on the expert meeting in preparation of the fourth meeting of SBSTTA (Registro nro. 4021)

Detalles MARC
000 -CABECERA
Campo de control 01074cam a2200253 a 4500
005 - FECHA Y HORA DE LA ULTIMA TRANSACCION
Campo de control 20200104041546.0
008 - ELEMENTOS DE LONGITUD FIJA—INFORMACION GENERAL
Campo de control 140313s1999 gw ||||fr|||| 00| 0 eng d
040 ## - FUENTE DE CATALOGACIÓN
Agencia catalogadora original CO-BoIAVH
Agencia transcriptora CO-BoIAVH
041 0# - IDIOMA
Código de idioma para texto/pista de sonido o título separado Inglés
044 ## - PAÍS DE PUBLICACIÓN
País de publicación Alemania
082 04 - NUMERO DE CLASIFICACION DECIMAL DEWEY
Número de clasificación 570.72
Número del ítem S27r
111 2# - ASIENTO PRINCIPAL--NOMBRE DE REUNION
Nombre de reunión o de jurisdicción como elemento de entrada SBSTTA
Lugar de la reunión Alemania
Fecha de la reunión April 13-15, 1999
Número de la parte/sección/reunión 4
9 (RLIN) 51167
242 10 - TRADUCCION DEL TITULO POR LA AGENCIA CATALOGADORA
Título Reporte de la reunión de expertos en preparación de la cuarta reunión del SBSTTA
Parte restante del título Abril 13-15, 1999
Mención de responsabilidad Horst Korn, Jutta Stadler
Código de idioma del título traducido spa
245 10 - MENCION DE TITULO
Título Report on the expert meeting in preparation of the fourth meeting of SBSTTA
Parte restante del título April 13-15, 1999
Mención de responsabilidad Horst Korn, Rainer Schliep, Jutta Stadler, Cordula Epple
260 3# - PUBLICACION, DISTRIBUCION, ETC. (PIE DE IMPRENTA)
Lugar de publicación, distribución, etc. Bonn
Nombre del editor, distribuidor, etc. Federal Ministry of Environment, Nature Conservation and Nuclear Safety
Fecha de publicación, distribución, etc. 1999
300 ## - DESCRIPCION FISICA
Extensión 30 páginas ;
Dimensiones 30 x 21 cm
590 ## - NOTA LOCAL
Nota local 242 traducción por la agencia catalogadora
650 #6 - ASIENTO SECUNDARIO DE MATERIA - TERMINO TEMATICO
Término temático o nombre geográfico como elemento de entrada Conservación de la naturaleza
9 (RLIN) 97
650 #6 - ASIENTO SECUNDARIO DE MATERIA - TERMINO TEMATICO
Término temático o nombre geográfico como elemento de entrada Especies exóticas
9 (RLIN) 51169
650 #6 - ASIENTO SECUNDARIO DE MATERIA - TERMINO TEMATICO
Término temático o nombre geográfico como elemento de entrada Biotecnología
9 (RLIN) 51170
700 1# - ASIENTO SECUNDARIO - NOMBRE PERSONAL
Nombre personal Korn, Horst
Término de relación editor
9 (RLIN) 14946
700 1# - ASIENTO SECUNDARIO - NOMBRE PERSONAL
Nombre personal Stadler, Jutta
Término de relación editor
9 (RLIN) 14953
942 ## - ELEMENTOS ADICIONALES (KOHA)
Tipo de ítem Libro
Sistema de clasificación Dewey Decimal Classification
Existencias
Withdrawn status Lost status Sistema de Clasificación Damaged status No para préstamo Colección Inventariado Ubicación Permanente Ubicación actual Fecha de adquisición Valor Total Checkouts Número topográfico Inventario / Código de Barras Date last seen Ejemplar Price effective from Forma de adquisición Tipo de material
    Dewey Decimal Classification     General Inventariado 2017 Bogotá Bogotá   39000.00   LB-570.72 S27r 016383 04/12/2012 Ej. 1 04/12/2012   Libro